| 000 | 00981 a2200193 4500 | ||
|---|---|---|---|
| 003 | Nust | ||
| 005 | 20170207165829.0 | ||
| 022 | _a1−934404−12−8 | ||
| 040 | _cNust | ||
| 082 | _a621.3822 | ||
| 100 | _aSteven T. Karris | ||
| 245 |
_a Signals and Systems with MATLAB Computing and Simulink Modeling (E-Book) _bSteven T. Karris |
||
| 250 | _a 4th.ed | ||
| 260 |
_aUSA _bOrchard Publications www.orchardpublications.com _c2008 |
||
| 300 | _a viii,987.p | ||
| 505 | _a Elementary Signals (Page1-1) The Laplace Transformation (Page2-1) The Inverse Laplace Transform (Page3-1)Circuits Analysis with Laplace (Page4-1) State Variables and State Equations (Page 5-1 The Impulse Reponses and Convolution (Page6-1) Fourier Series (Page7-1) The Fourier Transform (Page8-1)Discrete Time Systems and the Z Transform (Page-9-1) The DFT and the FFT Algorithm (Page-10-1) Analog and Digital Filters (Page11-1) | ||
| 650 | _aTelecommunications engineering - (E-BOOK) | ||
| 651 | _aE-Book | ||
| 942 |
_2ddc _cBK |
||
| 999 |
_c213204 _d213204 |
||